|
|
|
|
| LEADER |
02112nam a2200421 i 4500 |
| 001 |
45477 |
| 003 |
BD-DhAAL |
| 005 |
20260408164608.0 |
| 008 |
260408t20202020bg a b 101 0 ben |
| 010 |
|
|
|a 2020331029
|
| 020 |
|
|
|a 9789845062749
|
| 025 |
|
|
|a B-E-2020331029; 22-92; 27
|
| 035 |
|
|
|a 21901115
|
| 037 |
|
|
|b Library of Congress -- New Delhi Overseas Office
|
| 040 |
|
|
|a DLC
|b eng
|e rda
|c DLC
|d DLC
|d BD-DhAAL
|
| 042 |
|
|
|a lcode
|a pcc
|
| 043 |
|
|
|a az-----
|
| 050 |
0 |
0 |
|a HQ1735.3
|b .C56 2015
|
| 082 |
0 |
|
|a 305.420954
|2 23
|
| 111 |
2 |
|
|a Conference on Women, Veiling and Politics
|d (2015 :
|c Colombo, Sri Lanka),
|j author.
|9 60419
|
| 245 |
1 |
0 |
|a Women, veiling and politics :
|b the South Asian conundrum /
|c edited by Imtiaz Ahmed.
|
| 260 |
|
|
|a Dhaka, Bangladesh :
|b University Press Limited,
|c 2020.
|
| 300 |
|
|
|a xii, 284 pages :
|b illustrations (black and white, and color), map (color) ;
|c 22 cm
|
| 504 |
|
|
|a Includes bibliographical references and index.
|
| 520 |
|
|
|a Contributed articles presented at the author's workshop held in October 2015.
|
| 526 |
8 |
|
|a Nazim Uddin
Mannager, Admin & Logistics
BIGD
BRAC University
Course name and No. : N/A
|
| 541 |
1 |
|
|a University Press Limited
|e 45477
|
| 650 |
|
0 |
|a Purdah
|z South Asia
|v Congresses.
|9 60420
|
| 650 |
|
0 |
|a Veils
|x Political aspects
|z South Asia
|v Congresses.
|9 60421
|
| 650 |
|
0 |
|a Veils
|x Social aspects
|z South Asia
|v Congresses.
|9 60422
|
| 650 |
|
0 |
|a Feminist political geography
|z South Asia
|v Congresses.
|9 60423
|
| 655 |
|
7 |
|a Conference papers and proceedings.
|2 lcgft
|
| 700 |
1 |
|
|a Ahmed, Imtiaz,
|d 1958-
|e editor.
|
| 710 |
2 |
|
|a Regional Centre for Strategic Studies (Colombo, Sri Lanka),
|e organizer.
|9 15274
|
| 710 |
2 |
|
|a Global Partnership for the Prevention of Armed Conflict,
|e organizer.
|9 60424
|
| 942 |
|
|
|2 ddc
|c BK
|
| 999 |
|
|
|c 47766
|d 47766
|
| 952 |
|
|
|0 0
|1 0
|2 ddc
|4 0
|6 305_420954000000000_WOM
|7 0
|9 78901
|a BIGD
|b BIGD
|d 2026-04-06
|e University Press Limited
|g 680.00
|l 0
|o 305.420954 WOM
|p 3050045477
|r 2026-04-06
|t 1
|v 1360.00
|w 2026-04-06
|y BK
|x Requisitioned by Nazim Uddin (Mannager, Admin & Logistics, BIGD, BRAC University) for the course named- N/A)
|